Flagi z półksiężycami - nagła śmierć - Statystyki

Ogólne statystyki
  • Ten quiz został rozwiązany 43 razy
  • Średni wynik to 5 z 13
Answers on the Grid
Answers color-coded by a green-red scale on the quiz's grid according to % correct below.
Algieria
Jamajka
Arabia Saudyjska
Turcja
Malediwy
Demokratyczna Republika Konga
Chiny
Egipt
Nepal
Komory
Uzbekistan
Szwajcaria
Pakistan
Maroko
Malawi
Libia
Azerbejdżan
Brunei
Malezja
Mozambik
Bhutan
Indie
Oman
Turkmenistan
Jemen
Syria
Katar
Kuwejt
Mauretania
Indonezja
 
Statystyki odpowiedzi
Odpowiedź % Poprawnych
Algieria
92%
Turcja
72%
Pakistan
48%
Uzbekistan
48%
Malezja
44%
Azerbejdżan
40%
Libia
36%
Turkmenistan
36%
Mauretania
32%
Komory
28%
Malediwy
28%
Nepal
16%
Brunei
8%
Nie znaleziono quizów pasujących do podanych kryteriów
Rozkład punktacji
Procent ludzi z każdym wynikiem
Percentyl według liczby udzielonych odpowiedzi
Twoja historia wyników
Nie rozwiązałeś tego quizu